[Event "26th EUR-ch"]
[Site "Katowice POL"]
[Date "2026.04.08"]
[Round "2.236"]
[White "Kyparissopoulos, Spyridon"]
[Black "Jaworski, Pawel"]
[Result "1-0"]
[WhiteElo "2133"]
[BlackElo "1566"]
[EventDate "2026.04.07"]
[PlyCount "91"]

1.d4 Nf6 2.c4 e6 3.Nc3 c5 4.d5 exd5 5.cxd5 d6 6.e4 g6 7.f4 Bg7 8.Bb5+ Bd7 
9.Bd3 Na6 10.Nf3 Bg4 11.O-O O-O 12.h3 Bxf3 13.Qxf3 Rc8 14.Bc4 Nc7 15.Bd2 
Nd7 16.Rae1 a6 17.a4 Rb8 18.a5 b5 19.axb6 Rxb6 20.Bc1 Nb5 21.Nxb5 axb5 22.
Ba2 Qa8 23.Bb1 Qa1 24.Bc2 Bxb2 25.Be3 Qa7 26.Kh1 Qb7 27.h4 Ra6 28.h5 Ra3 
29.Qf2 Bc3 30.Re2 b4 31.f5 Ne5 32.fxg6 hxg6 33.hxg6 Kg7 34.Qf6+ Kg8 35.g7 
Re8 36.Qh6 Ng6 37.e5 Ra1 38.Rxa1 Bxa1 39.Bxg6 fxg6 40.Qh8+ Kf7 41.e6+ Ke7 
42.Bg5+ Bf6 43.Bxf6+ Kxf6 44.g8=Q+ Kg5 45.Qxe8 Qxd5 46.Qe7+ 1-0

[Event "26th EUR-ch"]
[Site "Katowice POL"]
[Date "2026.04.08"]
[Round "2.237"]
[White "Galuszka, Leon"]
[Black "Madrawski, Krzysztof"]
[Result "0-1"]
[WhiteElo "1595"]
[BlackElo "2132"]
[EventDate "2026.04.07"]
[PlyCount "114"]

1.Nf3 d5 2.d4 Nd7 3.Bf4 Ngf6 4.h3 c5 5.c3 e6 6.e3 Be7 7.Be2 b6 8.Nbd2 Bb7 
9.O-O O-O 10.Rc1 Rc8 11.Ne5 Nxe5 12.Bxe5 Qd7 13.Bd3 Bc6 14.Ba6 Rcd8 15.Bd3
Bb5 16.Qe2 Bxd3 17.Qxd3 Qa4 18.Qb1 Ne8 19.Rfd1 f6 20.Bg3 Bd6 21.Bxd6 Nxd6 
22.Qc2 Qa6 23.Nf3 Rc8 24.a3 Rf7 25.Qd3 Qa4 26.Nd2 Rfc7 27.Qc2 Qa6 28.Nf3 
Qb5 29.Nd2 a5 30.dxc5 Rxc5 31.Nb3 Rc4 32.Rd4 e5 33.Rxc4 Nxc4 34.Rb1 g6 35.
Nd2 Nd6 36.Qd1 Kf7 37.Qf1 Qxf1+ 38.Kxf1 Ke6 39.Ke2 g5 40.g3 h5 41.Kd3 f5 
42.Rf1 Rg8 43.Rg1 a4 44.Ke2 Rh8 45.Nf3 g4 46.hxg4 hxg4 47.Nd2 Rh2 48.Nf1 
Rh7 49.Nd2 b5 50.Kd3 Nf7 51.Ke2 Ng5 52.Rb1 Rh2 53.b3 axb3 54.Rxb3 Nh3 55.
Rxb5 Nxf2 56.Rb6+ Kd7 57.Rf6 Ne4+ 0-1

[Event "26th EUR-ch"]
[Site "Katowice POL"]
[Date "2026.04.08"]
[Round "2.238"]
[White "Rajbharath, Harjith"]
[Black "Lewinski, Leon"]
[Result "1-0"]
[WhiteElo "2132"]
[BlackElo "1541"]
[EventDate "2026.04.07"]
[PlyCount "101"]

1.d4 d5 2.c4 e6 3.Nc3 Nf6 4.cxd5 exd5 5.Bg5 Nbd7 6.e3 Be7 7.Bd3 O-O 8.Nge2
a6 9.O-O b5 10.Rc1 Bb7 11.h3 Nb6 12.Ng3 Ne8 13.Bf4 Bd6 14.Nce2 Bxf4 15.
Nxf4 Nd6 16.Qc2 h6 17.Qxc7 Qxc7 18.Rxc7 Rac8 19.Re7 Rfe8 20.Nf5 Kf8 21.
Nxd6 Rxe7 22.Nxc8 Nxc8 23.Rc1 Nd6 24.Rc5 Ne4 25.Bxe4 dxe4 26.Kf1 Ke8 27.
Ke1 Kd7 28.Kd2 Kd6 29.Kc3 Rc7 30.Kb4 Rxc5 31.dxc5+ Kc6 32.Nh5 g6 33.Nf6 
Kc7 34.Kc3 Kc6 35.b4 a5 36.a3 a4 37.Kd4 Bc8 38.Kxe4 Bf5+ 39.Kd4 h5 40.h4 
Be6 41.f3 Kc7 42.g4 g5 43.gxh5 gxh4 44.h6 Bf5 45.Nd5+ Kd7 46.Nf4 Ke7 47.e4
Bh7 48.Kd5 f5 49.e5 Bg8+ 50.Kd4 Kf8 51.Ng6+ 1-0

[Event "26th EUR-ch"]
[Site "Katowice POL"]
[Date "2026.04.08"]
[Round "2.239"]
[White "Sowa, Maciej"]
[Black "Pietruszewski, Marcin"]
[Result "0-1"]
[WhiteElo "1544"]
[BlackElo "2127"]
[EventDate "2026.04.07"]
[PlyCount "100"]

1.d4 Nf6 2.c4 e6 3.Nc3 Bb4 4.Qc2 O-O 5.a3 Bxc3+ 6.Qxc3 d6 7.Nf3 b6 8.Bg5 
Bb7 9.e3 Nbd7 10.Bd3 c5 11.dxc5 bxc5 12.O-O a5 13.e4 e5 14.Nd2 h6 15.Bh4 
g5 16.Bg3 Nh5 17.Be2 Ng7 18.b4 Ne6 19.b5 Nd4 20.Bd1 Nf6 21.Re1 Ne8 22.Bh5 
Ng7 23.Bf3 Qf6 24.Nb3 Nxb3 25.Qxb3 Ne6 26.Qd3 Nd4 27.Bd1 Qg6 28.f3 Rfc8 
29.Be2 f5 30.exf5 Qxf5 31.Qxf5 Nxf5 32.Bd3 Nd4 33.Bf2 Rc7 34.Rac1 Rac8 35.
h4 Kf7 36.Kf1 Ke6 37.Be3 Rg7 38.hxg5 hxg5 39.Bd2 g4 40.Be4 gxf3 41.Bxb7 
fxg2+ 42.Kg1 Rxb7 43.Re3 Rg7 44.Bc3 Rh8 45.Kf2 Rf8+ 46.Kg1 Rh8 47.Kf2 
g1=Q+ 48.Rxg1 Rh2+ 49.Kf1 Rf7+ 50.Ke1 Nc2+ 0-1

[Event "26th EUR-ch"]
[Site "Katowice POL"]
[Date "2026.04.08"]
[Round "2.240"]
[White "Atienza Alvarez, Javier"]
[Black "Szymura, Oliwia"]
[Result "1-0"]
[WhiteElo "2126"]
[BlackElo "1516"]
[EventDate "2026.04.07"]
[PlyCount "73"]

1.d4 d5 2.c4 e6 3.Nc3 Nf6 4.cxd5 exd5 5.Bg5 Be7 6.e3 Nbd7 7.h3 c6 8.Bd3 
Qb6 9.Rb1 O-O 10.Nf3 Re8 11.Bf4 Nf8 12.O-O Ng6 13.Bh2 Bf8 14.Qc2 Be6 15.b4
Rac8 16.Rfc1 Qd8 17.b5 c5 18.dxc5 Bxc5 19.Qa4 Qd7 20.Nd4 Ne4 21.Bxe4 dxe4 
22.Nxe4 Bxh3 23.Nxc5 Qg4 24.Bg3 Rxe3 25.Qd1 Rxg3 26.fxg3 Qxg3 27.Qf3 Qe5 
28.Ncb3 Rxc1+ 29.Rxc1 Bd7 30.Qxb7 Qe3+ 31.Kf1 Qd3+ 32.Kf2 Nf8 33.Rc7 Qg6 
34.Rxd7 Nxd7 35.Qxd7 h6 36.Qc8+ Kh7 37.Qf5 1-0

[Event "26th EUR-ch"]
[Site "Katowice POL"]
[Date "2026.04.08"]
[Round "2.241"]
[White "Zychon, Rozalia"]
[Black "Basdar, Atakan"]
[Result "0-1"]
[WhiteElo "1473"]
[BlackElo "2125"]
[EventDate "2026.04.07"]
[PlyCount "50"]

1.d4 Nf6 2.c4 g6 3.Nc3 Bg7 4.Nf3 O-O 5.Bf4 d6 6.e3 Nbd7 7.Qc2 c6 8.Be2 Qe8
9.O-O e5 10.Bg3 Nh5 11.Rae1 f5 12.h3 Nxg3 13.fxg3 e4 14.Nh2 Nf6 15.Bd1 Qe7
16.h4 h6 17.Qf2 Be6 18.b3 g5 19.Kh1 d5 20.c5 Ng4 21.Nxg4 fxg4 22.Qg1 gxh4 
23.gxh4 Qxh4+ 24.Qh2 Qg5 25.Qg1 g3 0-1

[Event "26th EUR-ch"]
[Site "Katowice POL"]
[Date "2026.04.08"]
[Round "2.243"]
[White "Vegh, Endre"]
[Black "Sopel, Jonatan Jan"]
[Result "1-0"]
[WhiteElo "2121"]
[BlackElo "1433"]
[EventDate "2026.04.07"]
[PlyCount "29"]

1.d4 Nf6 2.c4 e6 3.Nc3 Bb4 4.f3 b6 5.e4 d5 6.Qa4+ Nc6 7.Qxc6+ Bd7 8.Qb7 b5
9.Qa6 Rb8 10.cxb5 dxe4 11.a3 Bd6 12.fxe4 Rb6 13.Qa4 Nxe4 14.Nxe4 Qh4+ 15.
Nf2 1-0

[Event "26th EUR-ch"]
[Site "Katowice POL"]
[Date "2026.04.08"]
[Round "2.249"]
[White "Nowak, Lukasz"]
[Black "Vukazic, Zlatko"]
[Result "1-0"]
[WhiteElo "2166"]
[BlackElo "1744"]
[EventDate "2026.04.07"]
[PlyCount "63"]

1.c4 Nf6 2.g3 g6 3.Bg2 Bg7 4.Nc3 O-O 5.e4 d6 6.Nge2 e5 7.O-O Nbd7 8.d3 b6 
9.h3 Bb7 10.Be3 Rb8 11.f4 Nh5 12.f5 c6 13.g4 Nf4 14.Nxf4 exf4 15.Bxf4 Ne5 
16.Qd2 f6 17.b3 g5 18.Bg3 Qd7 19.d4 Nf7 20.c5 Rbd8 21.cxd6 Nxd6 22.e5 Nb5 
23.Nxb5 cxb5 24.e6 Qe7 25.Rad1 Bd5 26.Rfe1 Rfe8 27.Bxd5 Rxd5 28.Qg2 Red8 
29.Rc1 Rxd4 30.Rc7 Qa3 31.Qb7 Bf8 32.e7 1-0

[Event "26th EUR-ch"]
[Site "Katowice POL"]
[Date "2026.04.09"]
[Round "3.1"]
[White "Samadov, Read"]
[Black "Suleymanli, Aydin"]
[Result "0-1"]
[WhiteElo "2508"]
[BlackElo "2653"]
[EventDate "2026.04.07"]
[PlyCount "108"]

1.d4 Nf6 2.c4 e6 3.Nf3 d5 4.Nc3 Bb4 5.Bg5 O-O 6.e3 Nbd7 7.cxd5 exd5 8.Bd3 
c5 9.Qc2 h6 10.Bh4 c4 11.Bh7+ Kh8 12.Bf5 g6 13.Bxd7 Bxd7 14.O-O g5 15.Bg3 
Bxc3 16.bxc3 Ne4 17.Nd2 Bf5 18.Nxe4 Bxe4 19.Qb2 Qe7 20.a4 h5 21.Qa3 Qxa3 
22.Rxa3 h4 23.Bd6 Rfe8 24.a5 Re6 25.Bc5 g4 26.Ra2 h3 27.g3 Ra6 28.Rfa1 Bd3
29.Ra3 Kg7 30.Bb4 Kg6 31.R3a2 Re8 32.Bc5 Ree6 33.Ra3 Kf5 34.R1a2 Re8 35.
Ra1 Ke4 36.R1a2 Kf3 37.Ra1 f5 38.R3a2 Ree6 39.Ra3 Re4 40.R3a2 Re8 41.Ra3 
f4 42.R3a2 fxe3 43.fxe3 Be2 44.Re1 Rxe3 45.Rb2 Rae6 46.Rxb7 a6 47.Rb6 Rxb6
48.axb6 Rxc3 49.Rb1 Bd3 50.Bb4 Rc2 51.b7 Rg2+ 52.Kh1 Kf2 53.Be1+ Kf1 54.
Bf2+ Bxb1 0-1

[Event "26th EUR-ch"]
[Site "Katowice POL"]
[Date "2026.04.09"]
[Round "3.2"]
[White "Sargsian, Shant"]
[Black "Kacharava, Nikolozi"]
[Result "1-0"]
[WhiteElo "2647"]
[BlackElo "2500"]
[EventDate "2026.04.07"]
[PlyCount "85"]

1.e4 e5 2.Nf3 Nc6 3.Bc4 Bc5 4.c3 Nf6 5.d3 d6 6.Bg5 h6 7.Bh4 a5 8.Nbd2 Ba7 
9.a4 g5 10.Bg3 Qe7 11.O-O Nd7 12.Kh1 Nf8 13.Qb3 Ng6 14.Ng1 O-O 15.f3 Rb8 
16.Bf2 Bxf2 17.Rxf2 Be6 18.Ne2 Nf4 19.Nxf4 gxf4 20.g3 Qf6 21.Bxe6 fxe6 22.
gxf4 exf4 23.Rg1+ Kh7 24.Rfg2 e5 25.Qd5 Nd8 26.d4 Nf7 27.Qxa5 b6 28.Qb5 
Ng5 29.Qd7+ Rf7 30.Qg4 Rg7 31.d5 Rbg8 32.b4 Kh8 33.Qh5 Nf7 34.Rxg7 Rxg7 
35.Rxg7 Kxg7 36.Qg4+ Kf8 37.Qc8+ Nd8 38.Qxc7 Qh4 39.Qxd6+ Kf7 40.Kg1 Qg5+ 
41.Kf1 Qh4 42.Qxb6 Qxh2 43.Nc4 1-0

[Event "26th EUR-ch"]
[Site "Katowice POL"]
[Date "2026.04.09"]
[Round "3.3"]
[White "Gurel, Ediz"]
[Black "Klimkowski, Jan"]
[Result "1/2-1/2"]
[WhiteElo "2635"]
[BlackElo "2498"]
[EventDate "2026.04.07"]
[PlyCount "102"]

1.e4 e5 2.Nf3 Nc6 3.Bb5 a6 4.Ba4 Nf6 5.O-O Nxe4 6.d4 Be7 7.Re1 b5 8.Bb3 d5
9.dxe5 Be6 10.c3 O-O 11.h3 Qd7 12.Bc2 f6 13.exf6 Rxf6 14.Be3 Raf8 15.Nbd2 
Nxd2 16.Nxd2 Bd6 17.Nb3 Qf7 18.Nd4 Nxd4 19.Bxd4 Rh6 20.Qd2 Qh5 21.Qe3 Bf4 
22.Qxe6+ Rxe6 23.Rxe6 Bd6 24.Rae1 c5 25.Rxd6 cxd4 26.Rxd5 Qh4 27.g3 Qxh3 
28.Rxd4 h6 29.Re7 Qh5 30.Rdd7 Qg5 31.Kg2 Qf6 32.f4 Kh8 33.Be4 b4 34.Rc7 a5
35.Kh3 Rg8 36.Kg2 a4 37.Bd5 Rd8 38.Re5 bxc3 39.bxc3 Qb6 40.Rce7 Qb2+ 41.
Kh3 Qxc3 42.Be4 Qc8+ 43.Bf5 Qc6 44.Be4 Qc8+ 45.Kh4 Rf8 46.Bg6 Qc6 47.f5 
Qh1+ 48.Kg4 Qd1+ 49.Kf4 Qf1+ 50.Kg4 Qd1+ 51.Kh3 Qh1+ 1/2-1/2

[Event "26th EUR-ch"]
[Site "Katowice POL"]
[Date "2026.04.09"]
[Round "3.4"]
[White "Bjerre, Jonas Buhl"]
[Black "Cieslak, Patryk"]
[Result "1-0"]
[WhiteElo "2623"]
[BlackElo "2495"]
[EventDate "2026.04.07"]
[PlyCount "149"]

1.e4 c5 2.Nf3 d6 3.d4 cxd4 4.Qxd4 Nf6 5.h3 Nc6 6.Qe3 g6 7.Bc4 Bg7 8.O-O 
O-O 9.Rd1 b6 10.Nc3 Bb7 11.Bb3 Nd7 12.Qf4 Nc5 13.Qh4 Nxb3 14.axb3 Ne5 15.
Nxe5 Bxe5 16.Nd5 Re8 17.c3 Bg7 18.Bg5 f6 19.Be3 e6 20.Nb4 f5 21.Bg5 Qc7 
22.exf5 gxf5 23.Rd3 a5 24.Nc2 Be4 25.Rd2 Bxc2 26.Rxc2 e5 27.Rd2 Re6 28.f3 
Rg6 29.Rad1 Bf8 30.f4 h6 31.Bf6 Re8 32.Kh1 Qf7 33.Bd8 Qxb3 34.Qh5 Kg7 35.
Bc7 Qf7 36.Bxb6 a4 37.Be3 Rg3 38.Qxf7+ Kxf7 39.Bf2 Rg6 40.Ra1 e4 41.Rd5 
Rb8 42.Rxf5+ Rf6 43.Rxf6+ Kxf6 44.Rxa4 Rxb2 45.Bd4+ Kg6 46.g4 Be7 47.Kg1 
Rb1+ 48.Kg2 Bh4 49.Ra7 Rb2+ 50.Kf1 Bf6 51.Rd7 Bxd4 52.cxd4 Rb6 53.Ke2 Kf6 
54.d5 h5 55.g5+ Kg6 56.h4 Rb2+ 57.Ke3 Rb3+ 58.Kxe4 Rb4+ 59.Ke3 Re4+ 60.Kd3
Rxf4 61.Rxd6+ Kg7 62.Re6 Rxh4 63.d6 Rh1 64.Re2 Rh3+ 65.Kd4 Rh1 66.Re3 Rh4+
67.Kd5 Rh1 68.Re4 Rd1+ 69.Rd4 Ra1 70.d7 Ra8 71.Ke6 Kg6 72.d8=Q Rxd8 73.
Rxd8 Kxg5 74.Ke5 Kg4 75.Ke4 1-0

[Event "26th EUR-ch"]
[Site "Katowice POL"]
[Date "2026.04.09"]
[Round "3.5"]
[White "Kilic, Eray"]
[Black "Hovhannisian, Robert"]
[Result "0-1"]
[WhiteElo "2502"]
[BlackElo "2621"]
[EventDate "2026.04.07"]
[PlyCount "96"]

1.e4 e5 2.Nf3 Nf6 3.Nc3 Nc6 4.a3 d5 5.Bb5 Nxe4 6.Qe2 Qd6 7.Nxe4 dxe4 8.
Qxe4 Bd7 9.d4 O-O-O 10.dxe5 Nxe5 11.Bxd7+ Rxd7 12.Be3 Nxf3+ 13.Qxf3 Qa6 
14.Qe2 Qe6 15.O-O Bc5 16.Rfe1 Bxe3 17.Qxe3 Qxe3 18.Rxe3 Rd2 19.Rc1 Rhd8 
20.Kf1 R8d6 21.Re2 Kd7 22.Rxd2 Rxd2 23.Ke1 Rd5 24.Rd1 Ke6 25.Rxd5 Kxd5 26.
Kd2 Kd4 27.c3+ Kc4 28.Kc2 c5 29.b3+ Kd5 30.Kd2 g5 31.Ke3 b5 32.f3 f5 33.h3
c4 34.b4 f4+ 35.Ke2 Ke5 36.Kf2 Kf6 37.Kf1 Kg7 38.Kg1 Kh6 39.Kh2 Kg6 40.Kg1
Kh5 41.Kf1 Kh4 42.Kf2 h6 43.Kf1 Kg3 44.Kg1 h5 45.Kf1 g4 46.hxg4 hxg4 47.
fxg4 Kxg4 48.Kf2 a6 0-1

[Event "26th EUR-ch"]
[Site "Katowice POL"]
[Date "2026.04.09"]
[Round "3.6"]
[White "Ilinca, Felix-Antonio"]
[Black "Gumularz, Szymon"]
[Result "1/2-1/2"]
[WhiteElo "2481"]
[BlackElo "2590"]
[EventDate "2026.04.07"]
[PlyCount "79"]

1.d4 Nf6 2.c4 e6 3.Nc3 Bb4 4.e3 b6 5.Bd3 Bb7 6.Nf3 O-O 7.O-O c5 8.Re1 Bxf3
9.Qxf3 Nc6 10.Rd1 Bxc3 11.bxc3 Re8 12.Ba3 e5 13.Bf1 Qe7 14.dxc5 bxc5 15.e4
d6 16.Qd3 Red8 17.Rab1 Qc7 18.Bc1 Ne8 19.Qc2 Rdb8 20.Be3 Rb6 21.Rb3 Rab8 
22.Rdb1 Nf6 23.f3 Nd7 24.Rd1 h6 25.g3 R8b7 26.Ra3 Nf6 27.Qd2 Ne8 28.Qc2 
Rb2 29.Qa4 Nf6 30.Rb3 R2xb3 31.axb3 a5 32.Bd3 Nd7 33.Qa2 Nb6 34.Bc2 Ra7 
35.Kg2 a4 36.bxa4 Na5 37.Bd3 Nc6 38.Bc2 Na5 39.Bd3 Nc6 40.Bc2 1/2-1/2

[Event "26th EUR-ch"]
[Site "Katowice POL"]
[Date "2026.04.09"]
[Round "3.7"]
[White "Macias Pino, Diego"]
[Black "Indjic, Aleksandar"]
[Result "0-1"]
[WhiteElo "2495"]
[BlackElo "2616"]
[EventDate "2026.04.07"]
[PlyCount "138"]

1.e4 c5 2.Nf3 d6 3.d4 cxd4 4.Nxd4 Nf6 5.Nc3 a6 6.Be3 e5 7.Nb3 Be6 8.h3 h5 
9.Be2 Nbd7 10.O-O Rc8 11.f4 Be7 12.f5 Bc4 13.Bxc4 Rxc4 14.Qd3 Qc8 15.a4 h4
16.Rfd1 Rb4 17.Bf2 Qc6 18.Na5 Qc7 19.Nb3 Nb6 20.Ra2 Nbd7 21.Nd2 Nc5 22.Qf3
Qc6 23.b3 Ncxe4 24.Ndxe4 Nxe4 25.Nd5 Nxf2 26.Qxf2 Rd4 27.Rxd4 exd4 28.Qxd4
Qc5 29.Qxc5 dxc5 30.c4 Bd6 31.Re2+ Kd7 32.f6 g6 33.Kf2 Rh5 34.Ne3 Be5 35.
Rd2+ Kc6 36.Rd5 Rg5 37.Rd8 Bd4 38.Re8 Rg3 39.Re7 Kb6 40.Ke2 Bxe3 41.Rxe3 
Rxg2+ 42.Ke1 Rg3 43.Re7 Rxh3 44.Ke2 Rg3 45.Rxf7 Rg5 46.Rh7 Rf5 47.Rxh4 Ka5
48.Rh7 Rxf6 49.Rxb7 Rb6 50.Rc7 Kb4 51.Kd3 g5 52.Ke4 g4 53.Rg7 Rd6 54.Rb7+ 
Ka3 55.Kf4 Rd4+ 56.Kg3 Rd3+ 57.Kxg4 Rxb3 58.Ra7 Kxa4 59.Rxa6+ Kb4 60.Kf4 
Kxc4 61.Ke4 Rh3 62.Ra1 Kb3 63.Rb1+ Kc2 64.Rg1 c4 65.Kd4 c3 66.Rg2+ Kb1 67.
Rg8 c2 68.Rb8+ Ka2 69.Rc8 Kb2 0-1

[Event "26th EUR-ch"]
[Site "Katowice POL"]
[Date "2026.04.09"]
[Round "3.8"]
[White "Korobov, Anton"]
[Black "Quparadze, Giga"]
[Result "1/2-1/2"]
[WhiteElo "2610"]
[BlackElo "2484"]
[EventDate "2026.04.07"]
[PlyCount "106"]

1.e4 c5 2.Nf3 e6 3.d4 cxd4 4.Nxd4 Nc6 5.Nc3 a6 6.Be3 Nf6 7.Bd3 e5 8.Nxc6 
dxc6 9.Na4 Nd7 10.Qh5 Bb4+ 11.Nc3 O-O 12.O-O b5 13.h3 Qe7 14.a4 Bb7 15.Kh1
Nc5 16.f4 Nxd3 17.cxd3 Rad8 18.Rad1 f6 19.fxe5 Qxe5 20.Qe2 Qe6 21.Qc2 Rd7 
22.Ne2 c5 23.axb5 axb5 24.Bxc5 Rc8 25.Nf4 Qf7 26.d4 Rdc7 27.e5 Bxc5 28.
dxc5 g5 29.Nd3 f5 30.b4 Qe6 31.Ne1 Be4 32.Qc3 Re8 33.Nf3 Rg7 34.Rd6 Qe7 
35.Nd2 Bb7 36.e6 g4 37.Rd7 gxh3 38.Qxh3 Qxe6 39.Rxg7+ Kxg7 40.Rxf5 Qe1+ 
41.Nf1 Re4 42.Rg5+ Kh8 43.Qf5 Qh4+ 44.Kg1 Qf4 45.Qxf4 Rxf4 46.Re5 Kg8 47.
Re6 Kf7 48.Rh6 Kg7 49.Rb6 Bc8 50.Ne3 Rxb4 51.Nd5 Rd4 52.Ne7 Bd7 53.c6 Kf7 
1/2-1/2

[Event "26th EUR-ch"]
[Site "Katowice POL"]
[Date "2026.04.09"]
[Round "3.9"]
[White "Licznerski, Lukasz"]
[Black "Muradli, Mahammad"]
[Result "1/2-1/2"]
[WhiteElo "2486"]
[BlackElo "2605"]
[EventDate "2026.04.07"]
[PlyCount "129"]

1.e4 c5 2.Nf3 Nc6 3.d4 cxd4 4.Nxd4 e5 5.Nb5 d6 6.c4 g6 7.Bd3 a6 8.N5c3 Nf6
9.O-O Bg7 10.Nd5 Nxd5 11.cxd5 Nd4 12.Be3 O-O 13.Nd2 Bd7 14.Rc1 h5 15.Nc4 
Bb5 16.a4 Bxc4 17.Rxc4 Qd7 18.a5 Rfc8 19.Qa4 Qd8 20.Rfc1 Rxc4 21.Rxc4 Rc8 
22.Rxc8 Qxc8 23.h3 Bf6 24.Qc4 Qd8 25.b4 Kg7 26.Bf1 Qd7 27.Bxd4 exd4 28.b5 
axb5 29.Qxb5 Qe7 30.Qb1 h4 31.a6 bxa6 32.Bxa6 Be5 33.Bd3 Qg5 34.Kf1 Qf4 
35.Ke1 Bf6 36.Ke2 Qh2 37.Qf1 Bg5 38.Kf3 Qf4+ 39.Ke2 Qd2+ 40.Kf3 Qf4+ 41.
Ke2 Qd2+ 42.Kf3 Kf8 43.g3 Bf6 44.Qe2 Qc1 45.Kg2 hxg3 46.fxg3 Be5 47.h4 Ke7
48.Qf1 Qc3 49.Qe2 Kf8 50.Qf3 Bg7 51.Qe2 Bh6 52.Qc2 Qa3 53.Qe2 Be3 54.Qd1 
Qc3 55.Qe2 Bd2 56.Qf1 Ke7 57.Qe2 Qc1 58.Qf1 Qa3 59.Qe2 Qc3 60.Qf1 Be1 61.
Qe2 Kd8 62.Qf3 Qd2+ 63.Qe2 Qc3 64.Qf3 Qd2+ 65.Qe2 1/2-1/2

[Event "26th EUR-ch"]
[Site "Katowice POL"]
[Date "2026.04.09"]
[Round "3.10"]
[White "Lodici, Lorenzo"]
[Black "Saraci, Nderim"]
[Result "1-0"]
[WhiteElo "2601"]
[BlackElo "2483"]
[EventDate "2026.04.07"]
[PlyCount "129"]

1.e4 e5 2.Nf3 Nc6 3.Bb5 a6 4.Ba4 Nf6 5.O-O Be7 6.Bxc6 dxc6 7.Nc3 Nd7 8.d4 
exd4 9.Qxd4 O-O 10.Bf4 Nc5 11.Qe3 Ne6 12.Rad1 Qe8 13.Bg3 Bc5 14.Qe2 f6 15.
Nh4 Qf7 16.Nf5 Re8 17.h4 Nf8 18.Qg4 Qg6 19.Qf3 Qf7 20.Rd3 Bxf5 21.exf5 Re7
22.h5 h6 23.Qg4 Rae8 24.Bf4 Kh8 25.Kh2 Bb4 26.b3 Bxc3 27.Rxc3 Nd7 28.Bxc7 
Ne5 29.Bxe5 fxe5 30.Re1 e4 31.Qg6 Qd5 32.f6 Qe5+ 33.Rg3 Qxf6 34.Qxf6 gxf6 
35.Rg6 f5 36.Rf6 Kg7 37.Rxf5 e3 38.f4 e2 39.Kg3 Re3+ 40.Kf2 Rc3 41.Re5 
Rxe5 42.fxe5 Rxc2 43.Rxe2 Rc5 44.e6 Kf8 45.e7+ Ke8 46.g4 a5 47.Kg3 a4 48.
bxa4 Rc1 49.Re6 c5 50.Rb6 Rg1+ 51.Kf4 Rf1+ 52.Ke5 c4 53.Rxb7 c3 54.Rc7 Rc1
55.Kd4 Rg1 56.a5 Rxg4+ 57.Kxc3 Ra4 58.Rc5 Kxe7 59.Kb3 Rf4 60.a6 Kd6 61.a7 
Rf8 62.Ra5 Ra8 63.Kb4 Kc7 64.Kb5 Kb7 65.Ra6 1-0

[Event "26th EUR-ch"]
[Site "Katowice POL"]
[Date "2026.04.09"]
[Round "3.11"]
[White "Nemec, Jachym"]
[Black "Rodshtein, Maxim"]
[Result "1/2-1/2"]
[WhiteElo "2482"]
[BlackElo "2598"]
[EventDate "2026.04.07"]
[PlyCount "66"]

1.d4 Nf6 2.c4 e6 3.Nc3 Bb4 4.e3 b6 5.Ne2 Ba6 6.a3 Be7 7.Nf4 d5 8.b3 O-O 9.
Bb2 c6 10.Bd3 dxc4 11.Bxc4 Bxc4 12.bxc4 Nbd7 13.O-O Bd6 14.Nfe2 c5 15.Nb5 
Be7 16.Rc1 a6 17.Nbc3 cxd4 18.exd4 Rc8 19.Qb3 Qc7 20.Nd1 Bd6 21.h3 e5 22.
Ne3 exd4 23.Bxd4 Bh2+ 24.Kh1 Be5 25.Bxe5 Qxe5 26.Rfd1 Rfe8 27.Nc3 h5 28.
Kg1 Re6 29.Ncd5 Rce8 30.Qc3 Qxc3 31.Rxc3 Rc8 32.Nf4 Re5 33.Rb3 g6 1/2-1/2

[Event "26th EUR-ch"]
[Site "Katowice POL"]
[Date "2026.04.09"]
[Round "3.12"]
[White "Dardha, Daniel"]
[Black "Babazada, Khazar"]
[Result "1/2-1/2"]
[WhiteElo "2596"]
[BlackElo "2480"]
[EventDate "2026.04.07"]
[PlyCount "43"]

1.Nf3 Nf6 2.b3 g6 3.Bb2 Bg7 4.g3 O-O 5.Bg2 d6 6.d4 c6 7.O-O Qa5 8.Nbd2 Qh5
9.e4 Bg4 10.Re1 Nbd7 11.c4 e5 12.Qc2 Bh3 13.dxe5 Nxe5 14.Nxe5 dxe5 15.Nf1 
Nd7 16.c5 Rfd8 17.Ne3 Nf8 18.Qe2 Qxe2 19.Rxe2 Bxg2 20.Kxg2 Ne6 21.Rc2 Rd3 
22.Re1 1/2-1/2

[Event "26th EUR-ch"]
[Site "Katowice POL"]
[Date "2026.04.09"]
[Round "3.13"]
[White "Ohanian, Emin"]
[Black "Samunenkov, Ihor"]
[Result "1/2-1/2"]
[WhiteElo "2481"]
[BlackElo "2596"]
[EventDate "2026.04.07"]
[PlyCount "94"]

1.e4 e5 2.Nf3 Nc6 3.Bb5 a6 4.Ba4 Nf6 5.O-O Be7 6.Re1 b5 7.Bb3 Bb7 8.d4 
Nxd4 9.Nxd4 exd4 10.e5 Ne4 11.Qf3 O-O 12.Rxe4 c5 13.c4 f5 14.exf6 Bxf6 15.
Nd2 Bh4 16.Qg4 Bxf2+ 17.Kh1 Kh8 18.Nf3 Bxe4 19.Qxe4 d5 20.cxd5 Qe8 21.Qxe8
Raxe8 22.d6 c4 23.Bg5 Rf7 24.Bd1 d3 25.g3 Be3 26.a4 h6 27.Be7 Rfxe7 28.
dxe7 Rxe7 29.axb5 axb5 30.Kg2 Kh7 31.Ra5 Rb7 32.Ne5 Bd4 33.Bf3 d2 34.Ra1 
Rc7 35.Be4+ g6 36.Nxg6 Bxb2 37.Nf4+ Kg7 38.Rf1 Re7 39.Nh5+ Kg8 40.Kf3 c3 
41.Nf6+ Kh8 42.Kg2 b4 43.Bc2 Re2+ 44.Rf2 Rxf2+ 45.Kxf2 d1=Q 46.Bxd1 c2 47.
Bxc2 Bxf6 1/2-1/2

[Event "26th EUR-ch"]
[Site "Katowice POL"]
[Date "2026.04.09"]
[Round "3.14"]
[White "Abasov, Nijat"]
[Black "Bazakutsa, Svyatoslav"]
[Result "1-0"]
[WhiteElo "2586"]
[BlackElo "2477"]
[EventDate "2026.04.07"]
[PlyCount "87"]

1.e4 c6 2.d4 d5 3.exd5 cxd5 4.Bd3 Nc6 5.c3 Qc7 6.Na3 a6 7.Nc2 Nf6 8.h3 h6 
9.Nf3 g6 10.O-O Bf5 11.Re1 e6 12.b3 Bxd3 13.Qxd3 Bg7 14.Ba3 Bf8 15.Bc1 Bg7
16.Ba3 Bf8 17.Bxf8 Kxf8 18.c4 dxc4 19.bxc4 Kg7 20.Qc3 Rhd8 21.Rad1 Ne7 22.
Ne3 b5 23.c5 Nfd5 24.Qb2 Nc6 25.Ng4 Qa5 26.Qc1 Rh8 27.Rd2 Rac8 28.Nge5 
Rhd8 29.Nxf7 Kxf7 30.Rde2 Kg7 31.Rxe6 Rf8 32.Qb1 Nf4 33.Nh4 Qd2 34.R1e3 
Rf6 35.Rxf6 Kxf6 36.Nf3 Ne2+ 37.Kh2 Qb4 38.Qe4 Nexd4 39.Nxd4 Qxd4 40.Qe6+ 
Kg7 41.Qxc8 Qf4+ 42.Kg1 Qf6 43.Qd7+ Kf8 44.Re8# 1-0

[Event "26th EUR-ch"]
[Site "Katowice POL"]
[Date "2026.04.09"]
[Round "3.15"]
[White "Sipila, Vilka"]
[Black "Iturrizaga Bonelli, Eduardo"]
[Result "0-1"]
[WhiteElo "2479"]
[BlackElo "2575"]
[EventDate "2026.04.07"]
[PlyCount "94"]

1.e4 c5 2.Nf3 a6 3.g3 Nc6 4.Bg2 Nf6 5.e5 Ng4 6.c3 Ngxe5 7.Nxe5 Nxe5 8.d4 
cxd4 9.cxd4 Ng6 10.h4 e6 11.h5 Ne7 12.d5 h6 13.O-O Nf5 14.Nc3 Be7 15.Bf4 
d6 16.dxe6 fxe6 17.Qe2 O-O 18.Rfd1 Bg5 19.Bxg5 Qxg5 20.Ne4 Qe7 21.g4 Nh4 
22.Nxd6 Nxg2 23.Nxc8 Raxc8 24.Kxg2 Rf4 25.Rd3 e5 26.Re1 Qg5 27.Rg3 e4 28.
Qe3 Rcf8 29.Re2 Kh8 30.a3 Kh7 31.Kh3 Rd8 32.Rd2 Rxd2 33.Qxd2 Rxg4 34.Qxg5 
Rxg5 35.Re3 Rxh5+ 36.Kg4 Re5 37.Kf4 Re7 38.Kg3 Kg6 39.Rb3 Kf5 40.Rb6 e3 
41.fxe3 Rxe3+ 42.Kf2 Re7 43.Kg3 h5 44.Kh4 g5+ 45.Kxh5 Rh7+ 46.Rh6 Rxh6+ 
47.Kxh6 g4 0-1

[Event "26th EUR-ch"]
[Site "Katowice POL"]
[Date "2026.04.09"]
[Round "3.16"]
[White "Lavrencic, Matic"]
[Black "Kazakouski, Valery"]
[Result "1/2-1/2"]
[WhiteElo "2472"]
[BlackElo "2572"]
[EventDate "2026.04.07"]
[PlyCount "62"]

1.e4 c5 2.Nf3 e6 3.d4 cxd4 4.Nxd4 Nc6 5.Nc3 Qc7 6.Be3 a6 7.a3 Nf6 8.f4 d6 
9.Qf3 Be7 10.O-O-O Bd7 11.Rg1 g6 12.g4 h5 13.h3 hxg4 14.hxg4 g5 15.fxg5 
Ne5 16.Qe2 Nh7 17.Rh1 O-O-O 18.Nf5 Bxg5 19.Nxd6+ Kb8 20.Rh5 f6 21.Bxg5 
Nxg5 22.Nc4 Nxc4 23.Qxc4 Qf4+ 24.Kb1 Rhg8 25.Qb4 Bc6 26.Rxd8+ Rxd8 27.Bxa6
Nxe4 28.Nxe4 Qxe4 29.Qxe4 Rd1+ 30.Ka2 Bxe4 31.Bc4 Bxc2 1/2-1/2

[Event "26th EUR-ch"]
[Site "Katowice POL"]
[Date "2026.04.09"]
[Round "3.17"]
[White "Can, Isik"]
[Black "Dotzer, Lukas"]
[Result "1-0"]
[WhiteElo "2563"]
[BlackElo "2469"]
[EventDate "2026.04.07"]
[PlyCount "107"]

1.e4 c5 2.c4 Nc6 3.Ne2 e6 4.d4 cxd4 5.Nxd4 Nf6 6.Nc3 Bb4 7.Nxc6 bxc6 8.Bd3
e5 9.O-O O-O 10.h3 d6 11.Na4 Be6 12.a3 Ba5 13.b4 Bc7 14.Be3 Nd7 15.Qc2 Qf6
16.Nc3 Bb6 17.Qe2 Bxe3 18.Qxe3 Nb6 19.Qe2 Qg5 20.Kh1 a5 21.Rfb1 axb4 22.
axb4 Rxa1 23.Rxa1 Ra8 24.Rxa8+ Nxa8 25.Qc2 Nb6 26.b5 cxb5 27.cxb5 Qd8 28.
Na4 Kf8 29.Kg1 Ke7 30.Be2 Bd7 31.Qb3 Qc7 32.Nxb6 Qxb6 33.Bc4 Be6 34.Bd5 
Qc5 35.g3 Bxd5 36.exd5 Kd8 37.b6 Kc8 38.Qf3 Qxb6 39.Qxf7 Qb1+ 40.Kh2 Qg6 
41.Qxg6 hxg6 42.Kg2 Kc7 43.Kf3 g5 44.Kg4 Kb6 45.Kf5 Kc5 46.Ke6 g6 47.h4 g4
48.Kf6 Kxd5 49.Kxg6 Ke4 50.h5 d5 51.h6 d4 52.h7 d3 53.h8=Q d2 54.Qh1+ 1-0

[Event "26th EUR-ch"]
[Site "Katowice POL"]
[Date "2026.04.09"]
[Round "3.18"]
[White "Tudor, Henry Edward"]
[Black "Sokolovsky, Yahli"]
[Result "1/2-1/2"]
[WhiteElo "2457"]
[BlackElo "2559"]
[EventDate "2026.04.07"]
[PlyCount "122"]

1.e4 e5 2.Nf3 Nc6 3.Nc3 Nf6 4.d4 exd4 5.Nxd4 Nxe4 6.Nxe4 Qe7 7.Bd3 Nxd4 8.
O-O d5 9.Nc3 c6 10.Re1 Ne6 11.f4 g6 12.f5 gxf5 13.Bxf5 Qf6 14.Qd3 Bd6 15.
Be3 Rg8 16.Bxh7 Rg7 17.Bd4 Bxh2+ 18.Kxh2 Qh4+ 19.Kg1 Rxh7 20.Be5 Bd7 21.
Rad1 Qh5 22.Re3 O-O-O 23.Rh3 Qxe5 24.Rxh7 Rg8 25.Rxf7 Nf4 26.Rxf4 Qxf4 27.
Rf1 Qb4 28.b3 Qc5+ 29.Rf2 Re8 30.Qd2 Bg4 31.a4 a6 32.Qf4 Bd7 33.Qd2 Rf8 
34.Nd1 Rg8 35.Qe3 d4 36.Qf4 Rh8 37.Nb2 Qh5 38.Rf1 Qh1+ 39.Kf2 Qh5 40.Nc4 
Qh4+ 41.Qxh4 Rxh4 42.Re1 Kd8 43.a5 Rf4+ 44.Kg3 Rf5 45.Re4 c5 46.Re5 Kc7 
47.Re7 Kd8 48.Rg7 Bc6 49.Nd6 Rd5 50.Nc4 d3 51.cxd3 Rxd3+ 52.Kf4 Rxb3 53.
Ke5 Rc3 54.Nd6 Re3+ 55.Kf6 Rb3 56.Ke6 Re3+ 57.Kf6 Re2 58.g4 Rf2+ 59.Ke6 
Re2+ 60.Kf6 Rf2+ 61.Ke6 Re2+ 1/2-1/2